Top 10 countries with most crimes committed - Statistics

General Stats
  • This quiz has been taken 165 times
  • The average score is 7 of 10
Answer Stats
Hint Answer % Correct
11.88 million United States
99%
6.52 million United Kingdom
90%
2.95 million Russia
85%
3.77 million France
81%
6.51 million Germany
78%
2.23 million Italy
72%
1.76 million India
69%
2.52 million Canada
66%
2.85 million Japan
61%
2.68 million South Africa
47%
No matching quizzes found
Score Distribution
Percent of People with Each Score
Percentile by Number Answered
Your Score History
You have not taken this quiz